000 00354nam a22001577a 4500
003 SGT
020 _a8171930239
082 _a338.954,SAR
100 _aSARIEN,R.G
245 _aDEVELOPMENT STRATEGIES: FOR THE 90'S
250 _a1ST
260 _aNEW DELHI
_bCLASSIC PUBLISHING HOUSE
_c1992
300 _a126
650 _aPRODUCTION
942 _2ddc
_cFCM
999 _c8975
_d8975